000 00388nam a2200157 i 4500
001 bg
100 1 _aPLUCIŃSKA, Agnieszka
245 0 _aElementy probabilistyki /
_cA. Plucińska, E. Pluciński.
250 _aWyd. 2 popr.
260 _aWarszawa,
_c1990.
700 1 _aPLUCIŃSKI, Edmund
040 _cBPK
041 _apol
942 _cKS
008 s pl f |000 0 pol
999 _c4112
_d4112
856 _uhttp://koha.tu.koszalin.pl/cgi-bin/koha/opac-detail.pl?biblionumber=4112
_yKatalog online BPK